[Event "Montreal Mercredi 02"]
[Site "Montreal"]
[Date "2013.03.06"]
[Round "3"]
[White "Deshetres, Michel"]
[Black "Baran, Marius"]
[Result "0-1"]
[WhiteElo "1714"]
[BlackElo "1617"]
[PlyCount "76"]
[EventDate "2013.02.20"]
[EventType "swiss"]
[EventRounds "5"]
[EventCountry "CAN"]
[SourceTitle "EXT 2014"]
[Source "ChessBase"]
[SourceDate "2013.11.20"]
[SourceVersion "1"]
[SourceVersionDate "2013.11.20"]
[SourceQuality "1"]

1. e4 c5 2. Nf3 d6 3. d4 cxd4 4. Nxd4 Nf6 5. Nc3 g6 6. f4 Bg7 7. e5 dxe5 8. fxe5 Nfd7 9. e6 Ne5 10. exf7+ Kxf7 11. Be3 Rf8 12. Qd2 Nbc6 13. 0-0-0 Bg4 14. Be2 Bxe2 15. Qxe2 Qc8 16. h3 Kg8 17. Ne4 Nf7 18. Rhe1 Nxd4 19. Bxd4 e5 20. Bc3 Qc6 21. Kb1 b5 22. h4 a5 23. h5 Rfc8 24. hxg6 hxg6 25. Rf1 b4 26. Be1 Ra7 27. Rxf7 Rxf7 28. Nd6 Rfc7 29. Nxc8 Rxc8 30. Qd2 Kh7 31. Bg3 b3 32. axb3 e4 33. Qe2 a4 34. bxa4 Qxa4 35. Bd6 Ra8 36. Ba3 Rb8 37. Qe3 Kg8 38. Qg3 Re8 0-1

[Event "Montreal Mercredi 02"]
[Site "Montreal"]
[Date "2013.02.20"]
[Round "1"]
[White "Deshetres, Michel"]
[Black "Munshi, Shawkat"]
[Result "1-0"]
[WhiteElo "1714"]
[BlackElo "1629"]
[PlyCount "73"]
[EventDate "2013.02.20"]
[EventType "swiss"]
[EventRounds "5"]
[EventCountry "CAN"]
[SourceTitle "EXT 2014"]
[Source "ChessBase"]
[SourceDate "2013.11.20"]
[SourceVersion "1"]
[SourceVersionDate "2013.11.20"]
[SourceQuality "1"]

1. Nf3 d5 2. c4 c6 3. g3 Nf6 4. Bg2 Bf5 5. b3 e6 6. Bb2 Be7 7. 0-0 0-0 8. Nh4 Bg4 9. h3 Bh5 10. g4 Bg6 11. Nxg6 fxg6 12. d4 Nbd7 13. Nc3 Qc7 14. e4 dxe4 15. Nxe4 e5 16. Ng5 Qb8 17. Ne6 Re8 18. d5 cxd5 19. cxd5 Bd6 20. Rc1 Rc8 21. Qd2 a6 22. Qa5 b6 23. Qd2 Kf7 24. b4 a5 25. b5 Nc5 26. Nxc5 Rxc5 27. a4 Ra7 28. Rxc5 Bxc5 29. Qc3 Bd6 30. Ba3 Ke7 31. Rc1 Rd7 32. Bxd6+ Qxd6 33. Qc8 Rd8 34. Rc7+ Nd7 35. Qb7 Qb4 36. Qxb6 Rc8 37. Qe6+ 1-0

[Event "Montreal Mercredi 11"]
[Site "Montreal"]
[Date "2012.12.05"]
[Round "4"]
[White "Deshetres, Michel"]
[Black "Millette, Sylvain"]
[Result "1/2-1/2"]
[WhiteElo "1718"]
[BlackElo "1692"]
[PlyCount "84"]
[EventDate "2012.11.14"]
[EventType "swiss"]
[EventRounds "5"]
[EventCountry "CAN"]
[SourceTitle "EXT 2022"]
[Source "ChessBase"]
[SourceDate "2021.10.06"]
[SourceVersion "1"]
[SourceVersionDate "2021.10.06"]
[SourceQuality "1"]

1. e4 Nf6 2. e5 Nd5 3. Nc3 e6 4. Nxd5 exd5 5. d4 d6 6. Nf3 Bg4 7. h3 Bxf3 8. Qxf3 dxe5 9. dxe5 c6 10. Bd3 g6 11. 0-0 Bg7 12. Re1 0-0 13. Qg4 Qd7 14. Qh4 Re8 15. Bg5 Bxe5 16. Rxe5 Rxe5 17. Bf6 Re6 18. f4 Na6 19. f5 Rxf6 20. Qxf6 Qd8 21. Qe5 Qe8 22. Qg3 Nc5 23. Re1 Ne4 24. Qf4 g5 25. Qg4 f6 26. Bxe4 dxe4 27. Rxe4 Qf7 28. Re6 Rd8 29. Qe2 Kf8 30. c4 c5 31. b3 Re8 32. Rxe8+ Qxe8 33. Qxe8+ Kxe8 34. Kf2 h5 35. g4 hxg4 36. hxg4 Kd7 37. Ke3 Kd6 38. Ke4 a6 39. a3 a5 40. a4 b6 41. Kd3 Kc6 42. Ke4 Kd6 1/2-1/2

[Event "Montreal Mercredi 02"]
[Site "Montreal"]
[Date "2011.03.23"]
[Round "5"]
[White "Deshetres, Michel"]
[Black "Chang, Michael"]
[Result "1-0"]
[WhiteElo "1672"]
[BlackElo "1604"]
[PlyCount "107"]
[EventDate "2011.02.23"]
[EventType "tourn"]
[EventRounds "5"]
[EventCountry "CAN"]
[SourceTitle "EXT 2013"]
[Source "ChessBase"]
[SourceDate "2012.11.22"]
[SourceVersion "1"]
[SourceVersionDate "2012.11.22"]
[SourceQuality "1"]

1. d4 Nf6 2. c4 g6 3. Nc3 Bg7 4. Bg5 0-0 5. Nf3 d6 6. e3 Na6 7. a3 c5 8. d5 Qa5 9. Bd3 h6 10. Bh4 Qd8 11. Qc2 Kh7 12. 0-0 Nb8 13. b4 b6 14. b5 Nbd7 15. a4 Ng4 16. Rae1 Nde5 17. Nxe5 Nxe5 18. Be2 Kg8 19. f4 Ng4 20. Bd3 Bf5 21. Bxf5 Nxh2 22. Kxh2 gxf5 23. Ne2 Qd7 24. Ng3 e6 25. Nh5 exd5 26. Nxg7 Kxg7 27. cxd5 a6 28. Qd3 axb5 29. Qxb5 Qxb5 30. axb5 Ra5 31. Rb1 Re8 32. Rb3 c4 33. Rc3 Rxb5 34. Rxc4 Rxd5 35. Bf2 Rc5 36. Rb4 Rc6 37. Rfb1 Rb8 38. Rb5 Kg6 39. Kg3 h5 40. Kf3 Kf6 41. Be1 Rbc8 42. Rxb6 Rxb6 43. Rxb6 Ke6 44. Bb4 Rd8 45. Kg3 Kd5 46. Kh4 Ke4 47. Rxd6 Rg8 48. Bc5 Rxg2 49. Kxh5 Rc2 50. Bd4 Rg2 51. Rf6 Kd5 52. Rxf5+ Ke6 53. Re5+ Kd7 54. Rg5 1-0

[Event "Montreal Mercredi 02"]
[Site "Montreal"]
[Date "2011.02.23"]
[Round "1"]
[White "Deshetres, Michel"]
[Black "Lescarbeau, Martin"]
[Result "1/2-1/2"]
[WhiteElo "1672"]
[BlackElo "1621"]
[PlyCount "95"]
[EventDate "2011.02.23"]
[EventType "tourn"]
[EventRounds "5"]
[EventCountry "CAN"]
[SourceTitle "EXT 2013"]
[Source "ChessBase"]
[SourceDate "2012.11.22"]
[SourceVersion "1"]
[SourceVersionDate "2012.11.22"]
[SourceQuality "1"]

1. d4 Nf6 2. c4 g6 3. Nc3 Bg7 4. e4 d6 5. f4 c5 6. d5 0-0 7. Nf3 Bg4 8. Be2 Nbd7 9. h3 Bxf3 10. Bxf3 a6 11. 0-0 Rb8 12. Qe2 Ne8 13. Kh1 Nc7 14. a4 e6 15. Be3 exd5 16. cxd5 Re8 17. Qf2 b5 18. axb5 axb5 19. e5 dxe5 20. fxe5 Nxe5 21. Be2 c4 22. Ra7 f5 23. Bb6 Re7 24. Nxb5 Qxd5 25. Nxc7 Qc6 26. Nd5 Rxa7 27. Bxa7 Rb7 28. Bf3 Nxf3 29. Qxf3 Kh8 30. Bg1 Rxb2 31. Rd1 h6 32. Qg3 Kh7 33. Ne7 Qf6 34. Nd5 Qe5 35. Qxe5 Bxe5 36. Bd4 Bxd4 37. Rxd4 Rb1+ 38. Kh2 Rc1 39. Ne3 c3 40. Rc4 f4 41. Nd5 g5 42. Rxc3 Rxc3 43. Nxc3 Kg6 44. Ne4 h5 45. Kg1 g4 46. hxg4 hxg4 47. Kf2 Kf5 48. Nd2 1/2-1/2

[Event "Montreal Transcontinental 3-B"]
[Site "Montreal"]
[Date "2010.10.23"]
[Round "3"]
[White "Deshetres, Michel"]
[Black "Sonn, Eric"]
[Result "1-0"]
[WhiteElo "1803"]
[BlackElo "1575"]
[PlyCount "55"]
[EventDate "2010.10.22"]
[EventType "tourn"]
[EventRounds "5"]
[EventCountry "CAN"]
[SourceTitle "EXT 2013"]
[Source "ChessBase"]
[SourceDate "2012.11.22"]
[SourceVersion "1"]
[SourceVersionDate "2012.11.22"]
[SourceQuality "1"]

1. Nf3 c5 2. g3 Nc6 3. Bg2 g6 4. 0-0 Bg7 5. c4 e6 6. Nc3 Nge7 7. d3 0-0 8. a3 d5 9. cxd5 Nxd5 10. Bd2 b6 11. Rc1 Bb7 12. Nxd5 exd5 13. Qc2 Rc8 14. Qb1 Re8 15. Rfe1 Nd4 16. Nxd4 cxd4 17. Rxc8 Bxc8 18. Qa2 Bb7 19. Kf1 Bf8 20. Rc1 Qe7 21. Bf3 a5 22. Bf4 Rc8 23. Rxc8 Bxc8 24. Bxd5 Kg7 25. Qc4 Bh3+ 26. Ke1 Qf6 27. Qc7 Be6 28. Be5 1-0

[Event "Montreal Mercredi 10"]
[Site "Montreal"]
[Date "2010.10.13"]
[Round "2"]
[White "Gates, Claude Eric"]
[Black "Deshetres, Michel"]
[Result "0-1"]
[WhiteElo "1781"]
[BlackElo "1803"]
[PlyCount "84"]
[EventDate "2010.10.06"]
[EventType "tourn"]
[EventRounds "5"]
[EventCountry "CAN"]
[SourceTitle "EXT 2013"]
[Source "ChessBase"]
[SourceDate "2012.11.22"]
[SourceVersion "1"]
[SourceVersionDate "2012.11.22"]
[SourceQuality "1"]

1. c4 e5 2. g3 Nf6 3. Bg2 Nc6 4. Nc3 Bc5 5. e3 0-0 6. Nge2 d6 7. 0-0 Bf5 8. d4 Bb6 9. a3 a5 10. b3 e4 11. h3 Qd7 12. Kh2 Ne7 13. Qc2 c6 14. Nxe4 Nxe4 15. Bxe4 Bxh3 16. Rh1 Bf5 17. Kg2 Bxe4+ 18. Qxe4 Ng6 19. d5 Rfe8 20. Qd3 h6 21. Bb2 Ne5 22. Bxe5 Rxe5 23. Rh4 Rae8 24. e4 Bd8 25. dxc6 bxc6 26. Rah1 Bxh4 27. Rxh4 f5 28. Nc3 fxe4 29. Nxe4 Qe7 30. f3 d5 31. cxd5 cxd5 32. Nc3 Rd8 33. Rg4 Re3 34. Qd4 Qe5 35. Qb6 Rb8 36. Qxa5 Rxc3 37. Qa7 Rc2+ 38. Kh3 Rf8 39. f4 Qh5+ 40. Rh4 Qe2 41. Qd7 Qe4 42. b4 Qf5+ 0-1

[Event "Montreal Saturday op 09"]
[Site "Montreal"]
[Date "2009.09.30"]
[Round "5"]
[White "Gates, Claude Eric"]
[Black "Deshetres, Michel"]
[Result "0-1"]
[WhiteElo "1686"]
[BlackElo "1707"]
[PlyCount "70"]
[EventDate "2009.09.02"]
[EventType "tourn"]
[EventRounds "5"]
[EventCountry "CAN"]
[SourceTitle "EXT 2011"]
[Source "ChessBase"]
[SourceDate "2010.11.26"]
[SourceVersion "1"]
[SourceVersionDate "2010.11.26"]
[SourceQuality "1"]

1. c4 e5 2. g3 Nc6 3. Bg2 g6 4. Nc3 Bg7 5. e4 d6 6. Nge2 f5 7. d3 Nf6 8. Bg5 0-0 9. Nd5 Be6 10. 0-0 Qd7 11. Rc1 Nh5 12. Be3 Rf7 13. Qd2 Raf8 14. h3 Ne7 15. b3 c6 16. Nxe7+ Qxe7 17. exf5 gxf5 18. f4 e4 19. dxe4 fxe4 20. Bxe4 Bxh3 21. Bg2 Bxg2 22. Kxg2 Re8 23. Rf3 Nf6 24. Qd3 Ng4 25. Bxa7 Qxe2+ 26. Qxe2 Rxe2+ 27. Bf2 Bd4 28. Rd1 Rxf2+ 29. Rxf2 Bxf2 30. Kf3 Ne3 31. Rxd6 Bg1 32. Rd2 Nf5 33. g4 Nh4+ 34. Kg3 Ng6 35. f5 Ne5 0-1

[Event "Montreal Saturday op 09"]
[Site "Montreal"]
[Date "2009.09.16"]
[Round "3"]
[White "Deshetres, Michel"]
[Black "Brousseau, Stephane"]
[Result "0-1"]
[WhiteElo "1707"]
[BlackElo "1657"]
[PlyCount "122"]
[EventDate "2009.09.02"]
[EventType "tourn"]
[EventRounds "5"]
[EventCountry "CAN"]
[SourceTitle "EXT 2011"]
[Source "ChessBase"]
[SourceDate "2010.11.26"]
[SourceVersion "1"]
[SourceVersionDate "2010.11.26"]
[SourceQuality "1"]

1. c4 c5 2. Nc3 Nc6 3. Nf3 Nf6 4. g3 e6 5. e4 d6 6. d4 cxd4 7. Nxd4 a6 8. Bg2 Qb6 9. Nb3 Bd7 10. Be3 Qc7 11. Na4 Ne5 12. Nb6 Rd8 13. Nxd7 Nexd7 14. 0-0 Qxc4 15. Rc1 Qb4 16. Qe2 Nc5 17. Rc4 Qb5 18. Nd4 Qd7 19. Qc2 d5 20. exd5 Nxd5 21. b4 Na4 22. Bxd5 Qxd5 23. Rc1 Be7 24. Rc8 Rxc8 25. Qxc8+ Bd8 26. Nb3 0-0 27. Qc2 Bf6 28. Rd1 Qb5 29. a3 Nb2 30. Nd4 Qa4 31. Qxa4 Nxa4 32. Rc1 Be5 33. f4 Bd6 34. Nf3 Rd8 35. Kf2 Kf8 36. Nd4 Nb2 37. Rc2 Nd1+ 38. Ke2 Nxe3 39. Kxe3 e5 40. fxe5 Bxe5 41. Nf3 Bd6 42. Ng5 h6 43. Ne4 Re8 44. Kd3 Be5 45. Nc5 Re7 46. Rc4 f6 47. a4 Kf7 48. b5 axb5 49. axb5 Kg6 50. Ra4 b6 51. Ne4 Rd7+ 52. Ke3 Rd5 53. Rb4 f5 54. Nf2 Kf6 55. Nd3 Bd6 56. Rb1 g5 57. Rb3 Kg6 58. Rb1 Kh5 59. Rb3 Kg4 60. Rb1 Kh3 61. Rb2 Bc5+ 0-1

[Event "Montreal Unisource 4th"]
[Site "Montreal"]
[Date "2009.03.01"]
[Round "5"]
[White "Deshetres, Michel"]
[Black "O'Connor, Michael"]
[Result "1/2-1/2"]
[WhiteElo "1688"]
[BlackElo "1735"]
[PlyCount "102"]
[EventDate "2009.02.27"]
[EventType "tourn"]
[EventRounds "5"]
[EventCountry "CAN"]
[SourceTitle "EXT 2011"]
[Source "ChessBase"]
[SourceDate "2010.11.26"]
[SourceVersion "1"]
[SourceVersionDate "2010.11.26"]
[SourceQuality "1"]

1. c4 g6 2. Nc3 Bg7 3. Nf3 Nf6 4. d4 0-0 5. e4 d6 6. Be2 e5 7. 0-0 Nbd7 8. Be3 Kh8 9. Qd2 Ng4 10. Bg5 f6 11. Bh4 c6 12. Rad1 Qe7 13. h3 Nh6 14. dxe5 dxe5 15. a3 Qf7 16. b4 Nb6 17. c5 Nc4 18. Bxc4 Qxc4 19. Qd3 Be6 20. Qxc4 Bxc4 21. Rfe1 g5 22. Bg3 Rfd8 23. Nd2 Be6 24. Nf1 Bb3 25. Rb1 Bc2 26. Rb2 Bd3 27. Rd1 Bxf1 28. Kxf1 Rxd1+ 29. Nxd1 Rd8 30. Ke2 f5 31. f3 Kg8 32. Rd2 Rxd2+ 33. Kxd2 Kf7 34. a4 Ke6 35. Kd3 f4 36. Bf2 Nf7 37. Nb2 Bf6 38. Nc4 Bd8 39. b5 Kd7 40. Kc3 h5 41. Kb4 cxb5 42. axb5 Bc7 43. Be1 g4 44. hxg4 hxg4 45. Bc3 gxf3 46. gxf3 Ke6 47. Nd2 Kd7 48. Kc4 Ke6 49. Bb4 Ng5 50. c6 bxc6 51. bxc6 a6 1/2-1/2

[Event "Montreal Unisource 4th"]
[Site "Montreal"]
[Date "2009.03.01"]
[Round "4"]
[White "Mathews, Theo"]
[Black "Deshetres, Michel"]
[Result "1/2-1/2"]
[WhiteElo "1735"]
[BlackElo "1688"]
[PlyCount "48"]
[EventDate "2009.02.27"]
[EventType "tourn"]
[EventRounds "5"]
[EventCountry "CAN"]
[SourceTitle "EXT 2011"]
[Source "ChessBase"]
[SourceDate "2010.11.26"]
[SourceVersion "1"]
[SourceVersionDate "2010.11.26"]
[SourceQuality "1"]

1. e4 Nf6 2. Nc3 d6 3. d4 g6 4. Nf3 Bg7 5. Bd3 0-0 6. 0-0 Nbd7 7. Be3 Ng4 8. Bf4 e5 9. dxe5 Ndxe5 10. Nxe5 Nxe5 11. Be2 Re8 12. f3 Be6 13. Qd2 Nc4 14. Bxc4 Bxc4 15. Rfd1 a6 16. Bg5 Bf6 17. Bxf6 Qxf6 18. Qd4 Qxd4+ 19. Rxd4 Be6 20. Re1 Kf8 21. Kf2 Rad8 22. Red1 Ke7 23. f4 f5 24. Re1 Kf6 1/2-1/2

[Event "Montreal Unisource 4th"]
[Site "Montreal"]
[Date "2009.02.27"]
[Round "1"]
[White "Millette, Sylvain"]
[Black "Deshetres, Michel"]
[Result "0-1"]
[WhiteElo "1695"]
[BlackElo "1688"]
[PlyCount "48"]
[EventDate "2009.02.27"]
[EventType "tourn"]
[EventRounds "5"]
[EventCountry "CAN"]
[SourceTitle "EXT 2011"]
[Source "ChessBase"]
[SourceDate "2010.11.26"]
[SourceVersion "1"]
[SourceVersionDate "2010.11.26"]
[SourceQuality "1"]

1. Nf3 Nf6 2. g3 g6 3. c4 Bg7 4. Bg2 0-0 5. 0-0 d6 6. Nc3 c5 7. d3 Na6 8. e4 e5 9. Bg5 Nc7 10. Nh4 Ne6 11. Be3 Nd4 12. Bxd4 cxd4 13. Nd5 Nxd5 14. cxd5 f5 15. Rc1 f4 16. Nf3 g5 17. h3 h5 18. Nh2 g4 19. hxg4 hxg4 20. Nxg4 Qg5 21. Nh2 fxg3 22. fxg3 Qxg3 23. Rxf8+ Kxf8 24. Qh5 Qe3+ 0-1

[Event "Quebec-ch qual 1"]
[Site "Montreal"]
[Date "2003.05.04"]
[Round "4"]
[White "Libersan, Thierry"]
[Black "Deshetres, Michel"]
[Result "1-0"]
[WhiteElo "1949"]
[BlackElo "1708"]
[PlyCount "61"]
[EventDate "2003.05.??"]
[EventType "swiss"]
[EventRounds "5"]
[EventCountry "CAN"]
[SourceTitle "EXT 2006"]
[Source "ChessBase"]
[SourceDate "2005.11.24"]
[SourceVersion "1"]
[SourceVersionDate "2005.11.24"]
[SourceQuality "1"]

1. e4 e6 2. d4 d5 3. Nc3 Bb4 4. e5 c5 5. a3 Bxc3+ 6. bxc3 Ne7 7. f4 Nbc6 8. Nf3 Qa5 9. Bd2 Qa4 10. dxc5 Qe4+ 11. Kf2 h6 12. a4 Qg6 13. Bd3 Qh5 14. h3 f6 15. exf6 gxf6 16. g4 Qf7 17. Nd4 a6 18. Kg3 Bd7 19. Rb1 Ra7 20. Qe2 Kd8 21. Rhe1 Nxd4 22. cxd4 Nc6 23. Bc3 Re8 24. Qf2 Qg7 25. Kh2 e5 26. dxe5 fxe5 27. fxe5 Nxe5 28. Bxe5 Rxe5 29. c6 Bxc6 30. Qxa7 Rxe1 31. Qb8+ 1-0